1885 1409 1215 1263 1069 1173 1074 1725 1931 1467 1013 1327 1436 1792 1946 1556 1092 1789 1279 1119 1816 1726 1439 1236 1771 1999 1634 1407 1033 1017 1492 1810 1539 1892 1649 1166 1303 1355 1342 1113 1295 1898 1437 1999 1504 1450 1590 1580 1858 1946 1483 1972 1004 1529 1918 1460 1755 1141 1662 1662 1155 1161 1372 1874 1212 1736 1932 1481 1033 1283 1653 1162 1099 1599 1443 1928 1373 1343 1829 1974 1036 1736 1417 1905 1226 1400 1930 1286 1867 1792 1145 1908 1807 1262 1468 1676 1946 1474 1628 BCNSPRNW ULIB Ver.6.0+V

เปลี่ยนเป็นภาษาไทย

Change to English
 แสดงรายละเอียดบรรณานุกรม
  กลับหน้าหลัก

Brief Record : Get Marc (ISO 2709) : E-mail record : QR code < ปิดหน้าต่าง
LEADER : 00000nam 2200000uu 4500
001    13399112909
003     ULIB
008    110916s2553||||th 000 0 tha d
020    9786167346045
090    นว.^bร147ล 2553
100 0  รมย์ธีรา
245 00 เล่ห์ร้ายเกมรัก/^cรมย์ธีรา
250    พิมพ์ครั้งที่ 1
260    กรุงเทพฯ :^bAmethyst,^c2553
300    317 หน้า
945    ^p225^l0^i17059
995    กัณชพร
999     ^aใช้งานได้ทุกระบบ
รายการนี้ยังไม่มีแท็ก
คุณยังไม่ได้ล็อกอิน คุณสามารถมีกิจกรรมร่วมกับเว็บไซต์ได้ แต่ต้องล็อกอินก่อน ::
  ล็อกอิน

รายการสื่อสารสนเทศ

ลำดับที่ ประเภท เลขเรียก/บาร์โค้ด สถานที่ สถานะ
1. นวนิยาย
นวนิยาย
นว. ร147ล 2553  
  Barcode: 17059
ห้องสมุดวิทยาเขตสวรรค์ประชารักษ์
►นวนิยาย
บนชั้น
  ขอยืม

BibComment


ยังไม่เคยถูกคอมเมนท์

คอมเมนท์ทรัพยากรรายการนี้
  คอมเมนท์: เล่ห์ร้ายเกมรัก ร..


 Copyright 2026. Bcnsprnw @Library